000 00836cam a22001935a 4500
001 L141489
008 071127s1817 xxk eng u
035 _a(Sirsi) u141489
041 0 _aeng
110 1 _aW Moore and Son
_95369
245 0 2 _aA catalogue of the principal part of the neat household furniture...hay, farming implements, pleasure boat, green-house plants and other effects, the property of Mrs Wall, which will be sold by auction by W. Moore and Son on Monday and Tuesday the 15th and 16th of December 1817...at the mansion house called The Lodge...Tewkesbury
260 _aTewkesbury
_bs.n.
_c[1817]
300 _a16 p.
_c15 cm.
340 _aPrinted
351 _cSingle item
651 4 _aGloucestershire
690 _aPROPERTY-PROPERTY ACQUISITION AND DISPOSAL-ACQUISITION AND DISPOSAL AT AUCTION
942 _n0
999 _c116718
_d116718